Seth Meyers Filmography - Statistics

General Stats
  • This quiz has been taken 13 times
    2 since last reset
  • The average score is 12 of 66
Answer Stats
Type Year Name % Correct
TV Show 2025 Digman!
100%
Film 2019 Late Night
100%
TV Show 2014-Present Late Night with Seth Meyers
100%
Podcast 2016-Present Late Night with Seth Meyers Podcast
100%
TV Show 2001-2014, 2018 Saturday Night Live
100%
Award Show 2014 66th Primetime Emmy Awards
50%
Award Show 2018 75th Golden Globe Awards
50%
Co-Creator 2015-Present Documentary Now!
50%
Documentary 2024 Good One: A Show About Jokes
50%
Web Series 2021-Present Late Night with Seth Meyers: Corrections
50%
Music Video 2006 Natalie's Rap
50%
Film 2011 New Year's Eve
50%
TV Show 2008-2012, 2017 Saturday Night Live Weekend Update Thursday
50%
Film 2004 See This Movie
50%
Stand-Up Special 2024 Seth Meyers: Dad Man Walking
50%
Stand-Up Special 2019 Seth Meyers: Lobby Baby
50%
TV Special 2025 SNL50: The Anniversary Special
50%
TV Show 2016 This Is Us
50%
Documentary 2024 Will & Harper
50%
Award Show 2010 2010 ESPY Awards
0%
Award Show 2011 2011 ESPY Awards
0%
Award Show 2015 4th Annual NFL Honors
0%
TV Special 2024 A Closer Look with Seth Meyers: Primetime Live Election Special
0%
Commercial 2015-2016 Amazon Prime
0%
TV Show 2023 American Auto
0%
Film 2006 American Dreamz
0%
Podcast 2021-2022 Batman: The Audio Adventures
0%
TV Show 2019 Beat Bobby Flay
0%
TV Show 2014 Billy on the Street
0%
Commercial 2016 Chrysler Pacifica
0%
Web Series 2013 Comedians in Cars Getting Coffee
0%
TV Show 2019 Crashing
0%
Web Series 2015 Difficult People
0%
Podcast 2020 Escape from Virtual Island
0%
Podcast 2023-Present Family Trips with the Meyers Brothers
0%
Film 2022 Fate of a Sport
0%
Film 2011 I Don't Know How She Does It
0%
Film 2008 Journey to the Center of the Earth
0%
TV Show 2014 Just for Laughs: All-Access
0%
TV Show 2016 Lady Dynamite
0%
TV Show 2019 Last Week Tonight with John Oliver
0%
Short Film 2004 Maestro
0%
Web Series 2021 Martha Gets Down and Dirty
0%
Film 2008 Nick & Norah's Infinite Playlist
0%
Commercial 2019 Nike
0%
Film 2005 Perception
0%
TV Show 2015 Portlandia
0%
TV Show 2014 Say Yes to the Dress
0%
Documentary Mini-Series 2025 SNL50: Beyond Saturday Night
0%
Web Special 2025 SNL50: The Homecoming Concert
0%
TV Show 2001 Spin City
0%
Film 2009 Spring Breakdown
0%
Podcast 2023 Strike Force Five
0%
Short Film 2005 The Adventures of Big Handsome Guy and His Little Friend
0%
TV Show 2013-2015 The Awesomes
0%
TV Show 2004 The Best Damn Sports Show Period
0%
TV Show 2013 The Getaway
0%
Film 2014 The Interview
0%
Podcast 2024-Present The Lonely Island & Seth Meyers Podcatt
0%
TV Show 2011 The Marriage Ref
0%
TV Show 2012, 2016 The Mindy Project
0%
TV Show 2013 The Office
0%
Short Film 2004 Thunder Road
0%
Commercial 2023 Verizon
0%
Film 1995 Village of the Damned
0%
TV Special 2011 White House Correspondents' Dinner
0%
No matching quizzes found
Score Distribution
Percent of People with Each Score
Percentile by Number Answered
Your Score History
You have not taken this quiz since the last reset